Белочка, Филин и их друзья в английском лесу (Запись № 10451039)

Подробности
000 -МАРКЕР
контрольное поле 01735nam0a2200361 i 4500
001 - ИДЕНТИФИКАТОР ЗАПИСИ
контрольное поле RU\NLR\BIBL_A\010867344
005 - ИДЕНТИФИКАТОР ВЕРСИИ
контрольное поле 20241101011324.0
010 ## - МЕЖДУНАРОДНЫЙ СТАНДАРТНЫЙ НОМЕР КНИГИ (ISBN)
Номер (ISBN) 9785431701603
Тираж 50
021 ## - НОМЕР ГОСУДАРСТВЕННОЙ РЕГИСТРАЦИИ
Код страны Российская Федерация
Номер 2015-73942
Номер Листа государственной регистраци 4452
035 ## - ДРУГИЕ СИСТЕМНЫЕ НОМЕРА
Идентификатор записи (NILC)RuMoRGB-008027082
035 ## - ДРУГИЕ СИСТЕМНЫЕ НОМЕРА
Идентификатор записи (NLR Aleph) 010867344
100 ## - ДАННЫЕ ОБЩЕЙ ОБРАБОТКИ
Данные общей обработки 20151023d2015 u y0rusy50 ca
101 0# - ЯЗЫК РЕСУРСА
Язык текста, звукозаписи и т.д. русский
-- английский
102 ## - СТРАНА ПУБЛИКАЦИИ ИЛИ ПРОИЗВОДСТВА
Страна публикации Российская Федерация
105 ## - ПОЛЕ КОДИРОВАННЫХ ДАННЫХ: ТЕКСТОВЫЕ МАТЕРИАЛЫ, МОНОГРАФИЧЕСКИЕ
Кодированные данные о монографическом текстовом документе y|||z|||000gy
200 1# - ЗАГЛАВИЕ И СВЕДЕНИЯ ОБ ОТВЕТСТВЕННОСТИ
Основное заглавие Белочка, Филин и их друзья в английском лесу
Параллельное заглавие Sguirrel, Eagle Owl and their friends in the English forest
Сведения, относящиеся к заглавию [учебно-методическое пособие в стихах]
Первые сведения об ответственности Елена Романова, Дарья Вольнова
Язык параллельного заглавия английский
210 ## - ПУБЛИКАЦИЯ, РАСПРОСТРАНЕНИЕ И ДР.
Место издания, распространения и т.д. Самара
Имя издателя, распространителя и т. д. Инсома-пресс
Дата издания, распространения и т.д. 2015
215 ## - ФИЗИЧЕСКАЯ ХАРАКТЕРИСТИКА
Специфическое обозначение материала и объем 49 с.
Размеры 21
300 ## - ОБЩИЕ ПРИМЕЧАНИЯ
Текст примечания Текст на рус. и англ. яз.
510 1# - ПАРАЛЛЕЛЬНОЕ ЗАГЛАВИЕ
Связь между полями z11790
Параллельное заглавие Sguirrel, Eagle Owl and their friends in the English forest
Язык заглавия английский
606 1# - НАИМЕНОВАНИЕ ТЕМЫ КАК ПРЕДМЕТ
Наименование темы Английский язык
Формальный подзаголовок Учебно-методические пособия
Тематический подзаголовок Лексика
Системный номер авторитетной/нормативной записи 969248
Идентификатор авторитетной/нормативной записи RU\NLR\AUTH\6644394
675 ## - УНИВЕРСАЛЬНАЯ ДЕСЯТИЧНАЯ КЛАССИФИКАЦИЯ (UDC/УДК)
Индекс 811.111
686 1# - ИНДЕКСЫ ДРУГИХ КЛАССИФИКАЦИЙ
Индекс Ш143.21-93рус-31
700 #1 - ИМЯ ЛИЦА - ПЕРВИЧНАЯ ОТВЕТСТВЕННОСТЬ
Графика поля Кириллица
Материалы, к которым относится поле rus
Начальный элемент ввода Романова
Часть имени, кроме начального элемента ввода Е. А.
Дополнения к именам, кроме дат писатель
Расширение инициалов личного имени Елена Александровна
Системный номер авторитетной/нормативной записи 152404
Идентификатор авторитетной/нормативной записи RU\NLR\AUTH\770152442
701 #1 - ИМЯ ЛИЦА - АЛЬТЕРНАТИВНАЯ ОТВЕТСТВЕННОСТЬ
Графика поля Кириллица
Материалы, к которым относится поле rus
Начальный элемент ввода Вольнова
Часть имени, кроме начального элемента ввода Д. С.
Расширение инициалов личного имени Дарья Сергеевна
Системный номер авторитетной/нормативной записи 152721
Идентификатор авторитетной/нормативной записи RU\NLR\AUTH\770152759
790 #1 - ИМЯ ЛИЦА - АЛЬТЕРНАТИВНАЯ ФОРМА
Графика поля Латинская
Материалы, к которым относится поле rus
Начальный элемент ввода Romanova
Часть имени, кроме начального элемента ввода E. A.
Дополнения к именам, кроме дат писатель
Расширение инициалов личного имени Elena Aleksandrovna
Системный номер авторитетной/нормативной записи 152726
Идентификатор авторитетной/нормативной записи RU\NLR\AUTH\770152764
790 #1 - ИМЯ ЛИЦА - АЛЬТЕРНАТИВНАЯ ФОРМА
Графика поля Латинская
Материалы, к которым относится поле rus
Начальный элемент ввода Vol'nova
Часть имени, кроме начального элемента ввода D. S.
Расширение инициалов личного имени Dar'ja Sergeevna
Системный номер авторитетной/нормативной записи 152723
Идентификатор авторитетной/нормативной записи RU\NLR\AUTH\770152761
801 #0 - ИСТОЧНИК ЗАПИСИ
Страна Российская Федерация
Организация РГБ
Дата составления 20150924
Правила каталогизации RCR
942 ## - ДОПОЛНИТЕЛЬНЫЕ ЭЛЕМЕНТЫ ЗАПИСИ (АБИС)
Тип экземпляра АБИС Книга
980 ## - КОЛЛЕКЦИЯ
Название коллекции НБР

Нет доступных экземпляров.